000 00309nam a2200109Ia 4500
008 171204s9999 xx 000 0 und d
245 _aMoral Equality, Bioethics, and the Child:
245 _cClaudia Wiesemann
260 _c2016
650 _xBioethics
856 _uhttp://down.ebook777.com/055/3319324004.pdf
999 _c346364
_d346364